Costs of Municipal Waste in Slovak Republic

Manažment komunálneho odpadu vyžaduje značné finančné prostriedky a keďže všetci sú producentmi odpadu, je nevyhnutné prispievať na pokrytie finančných zdrojov. Na Slovensku upravuje poplatky za komunálny odpad zákon č. 582/2004 o miestnych daniach a miestnych poplatkoch za komunálny odpad a stavebn...

Ausführliche Beschreibung

Gespeichert in:
Bibliographische Detailangaben
1. Verfasser: Bosák, Martin, 1967-
Weitere Verfasser: Tarča, Alexander, Dugas, Jaroslav, 1967-, Ferencz, Vojtech
Format: Buchkapitel
Sprache:Englisch
Schlagworte:
Tags: Tag hinzufügen
Keine Tags, Fügen Sie das erste Tag hinzu!

MARC

LEADER 00000naa$a2200000$$$4500
001 0248922
005 20240502083708.4
041 0 |a eng 
044 |a BG 
245 1 0 |a Costs of Municipal Waste in Slovak Republic  |c Martin Bosák, Alexander Tarča, Jaroslav Dugas, Vojtech Ferencz 
520 |a Manažment komunálneho odpadu vyžaduje značné finančné prostriedky a keďže všetci sú producentmi odpadu, je nevyhnutné prispievať na pokrytie finančných zdrojov. Na Slovensku upravuje poplatky za komunálny odpad zákon č. 582/2004 o miestnych daniach a miestnych poplatkoch za komunálny odpad a stavebný odpad menšieho objemu. 
610 2 0 |a odpad 
610 2 0 |a odpad komunálny 
610 2 0 |a hospodárstvo odpadové 
610 2 0 |a manažment 
610 2 0 |a legislatíva 
610 2 0 |a zákony 
610 2 0 |a náklady 
610 2 0 |a poplatky 
610 2 0 |a poplatky miestne 
100 1 |a Bosák, Martin, 1967- 
700 1 |a Tarča, Alexander 
700 1 |a Dugas, Jaroslav, 1967- 
700 1 |a Ferencz, Vojtech